The description logic handbook: theory, implementation and applications (Record no. 9601)
[ view plain ]
| 000 -LEADER | |
|---|---|
| fixed length control field | 00554 a2200169 4500 |
| 020 ## - INTERNATIONAL STANDARD BOOK NUMBER | |
| International Standard Book Number | 9780521876254 |
| 040 ## - CATALOGING SOURCE | |
| Original cataloging agency | DLC |
| Language of cataloging | DLC |
| 082 00 - DEWEY DECIMAL CLASSIFICATION NUMBER | |
| Classification number | 006.332 |
| 100 ## - MAIN ENTRY--PERSONAL NAME | |
| Personal name | Baader, Franz |
| 245 04 - TITLE STATEMENT | |
| Title | The description logic handbook: theory, implementation and applications |
| Remainder of title | theory, implementation and applications |
| Statement of responsibility, etc. | Franz Baader |
| 250 ## - EDITION STATEMENT | |
| Edition statement | 2nd ed. |
| 260 ## - PUBLICATION, DISTRIBUTION, ETC. | |
| Place of publication, distribution, etc. | Cambridge ; |
| -- | New York : |
| Name of publisher, distributor, etc. | Cambridge University Press, |
| Date of publication, distribution, etc. | 2007. |
| 300 ## - PHYSICAL DESCRIPTION | |
| Extent | xix, 601 p. : |
| Other physical details | ill. ; |
| Dimensions | 26 cm. |
| 650 #0 - SUBJECT ADDED ENTRY--TOPICAL TERM | |
| Topical term or geographic name entry element | Description logics |
| 700 1# - ADDED ENTRY--PERSONAL NAME | |
| Personal name | Baader, Franz. |
| 942 ## - ADDED ENTRY ELEMENTS (KOHA) | |
| Koha item type | Book |
| Call number prefix | 006.332 BAA |
| Source of classification or shelving scheme | |
| Withdrawn status | Lost status | Damaged status | Not for loan | Collection code | Permanent Location | Current Location | Shelving location | Date acquired | Source of acquisition | Cost, normal purchase price | Total Checkouts | Full call number | Barcode | Date last seen | Price effective from | Koha item type |
|---|---|---|---|---|---|---|---|---|---|---|---|---|---|---|---|---|
| Central Library (CL) | Central Library (CL) | First Floor - Machine Learning/Computer Graphics | 10/05/2009 | e-Xpress | 17367.00 | 006.332 BAA | SEECS009609 | 10/09/2019 | 01/05/2017 | Book | ||||||
| Central Library (CL) | Central Library (CL) | First Floor - Machine Learning/Computer Graphics | 10/05/2009 | e-Xpress | 17367.00 | 006.332 BAA | SEECS009610 | 11/14/2012 | 01/05/2017 | Book | ||||||
| Central Library (CL) | Central Library (CL) | First Floor - Machine Learning/Computer Graphics | 10/05/2009 | e-Xpress | 17367.00 | 006.332 BAA | SEECS009611 | 11/14/2012 | 01/05/2017 | Reference |
